000 00487cam a2200181ua 4500
020 _c3.50
041 _aeng
_h
082 _a540
_bITT/PR
100 _aIttoopp, M .
245 _aPre-degree chemistry university model question papers and answers complete answers /
_cM Ittoopp.
_hTextual Documents
250 _a1 /
_b.
260 _aKozhikode :
_bDeline publications ,
_c1967.
300 _a95 ; .
365 _a3.50
504 _a
942 _cBK
999 _c10953
_d10953